El Salvador: ofensiva de la junta D.C.-FF.AA.

Guardado en:
Bibliografiske detaljer
Format: Texto
Fag:
Tags: Tilføj Tag
Ingen Tags, Vær først til at tagge denne postø!

MARC

LEADER 00000 a a2200000 04500
001 17934
003
040
245 |a El Salvador:   |b ofensiva de la junta D.C.-FF.AA.  
650 |a FUERZAS ARMADAS  
650 |a DEMOCRACIA  
650 |a POLITICA  
650 |a ELECCIONES  
650 |a EL SALVADOR  
773 |g volumen 4, número 22; (1980) páginas 245  
999 |c 36861  |d 36861 
773 0 |0 42391  |9 3828  |a Agencia Latinoamericana de Información, ALAI  |d Quito, Ecuador: ALAI  |o 04495  |t ALAI:  |x 08275564 (Servicio mensual de información y documentación)